[Event "Open LTU Rapid Final"]
[Site "Vilnius LTU"]
[Date "2010.11.28"]
[Round "5"]
[White "Beliavsky,A"]
[Black "Rozentalis,E"]
[Result "1-0"]
[WhiteElo "2622"]
[BlackElo "2596"]

1.d4 Nf6 2.c4 e6 3.g3 d5 4.Bg2 Be7 5.Nf3 O-O 6.O-O dxc4 7.Qc2 a6 8.a4 Bd7
9.Qxc4 Bc6 10.Bf4 a5 11.Nc3 Na6 12.Ne5 Bxg2 13.Kxg2 c6 14.e4 Qb6 15.Be3 Qb4
16.Qe2 Rfd8 17.Rfd1 h6 18.f3 Bf8 19.Nc4 Nc7 20.Na2 Qb3 21.Nc1 Qb4 22.Qc2 b5
23.Ne5 Rdc8 24.Ncd3 Qd6 25.Qxc6 Qxc6 26.Nxc6 Ncd5 27.exd5 Nxd5 28.Bd2 Rxc6
29.axb5 Rc2 30.Kf1 a4 31.Ke1 Rcc8 32.Rdc1 Rcb8 33.Rc4 Nb6 34.Rc6 Ra7 35.Bf4 Rbb7
36.Nc5 Bxc5 37.dxc5 Nd5 38.Rc8+ Kh7 39.b6 Ra5 40.Bd2 Ra6 41.Ke2 Ne7 42.Rd8 Nc6
43.Rd6 Ne5 44.Bc3 Ng6 45.Kd3 Ne7 46.Kc4 Ra8 47.Kb4 Nc8 48.Rd2  1-0

[Event "XXIII Belgrade Trophy"]
[Site "Obrenovac SRB"]
[Date "2010.11.30"]
[Round "7.29"]
[White "Dragomirescu,An"]
[Black "Cvetkovic,Sr"]
[Result "1/2-1/2"]
[WhiteElo "2171"]
[BlackElo "2416"]

1.d4 Nf6 2.c4 e6 3.g3 d5 4.Nf3 Be7 5.Bg2 O-O 6.Qc2 c6 7.O-O dxc4 8.Qxc4 b5
9.Qc2 Bb7 10.Nbd2 Nbd7 11.Nb3 Qb6 12.Bg5 c5 13.dxc5 Nxc5 14.Nxc5 Qxc5 15.Qxc5 Bxc5
16.Bxf6 gxf6 17.Ne1 Bxg2 18.Kxg2 Bd4 19.Nd3 f5 20.Rac1 Rfc8 21.b3 Kf8 22.Rxc8+ Rxc8
23.Rc1 Rxc1 24.Nxc1 Ke7 25.e3 Bc3 26.Kf1 e5 27.Ke2 e4 28.Kd1 Kd6 29.Ne2 Be5
30.Kc2 Kc5 31.Nc3 a6 32.Ne2 Kd5 33.Nc3+ Ke6 34.Ne2 Kd6 35.Nc3 Kc6 36.Ne2 Kc5
37.Nc3 Bc7 38.Ne2 Be5 39.Nc3 Kd6 40.Ne2 Ke6 41.Nc3 Bc7 42.Ne2 Be5 43.Nc3 Bc7
44.Ne2 Kd5 45.Nc3+ Kc5 46.Ne2  1/2-1/2

[Event "XXVI Governors Cup"]
[Site "Legnica POL"]
[Date "2010.12.01"]
[Round "9"]
[White "Pieniazek,Ar"]
[Black "Luch,M"]
[Result "1/2-1/2"]
[WhiteElo "2366"]
[BlackElo "2387"]

1.d4 d5 2.c4 e6 3.Nf3 Nf6 4.g3 Be7 5.Bg2 O-O 6.O-O dxc4 7.Qc2 a6 8.Qxc4 b5
9.Qc2 Bb7 10.Bd2 Be4 11.Qc1 Bb7 12.Qc2 Be4 13.Qc1 Bb7 14.Qd1 Be4  1/2-1/2

[Event "TCh-HUN 2010-11"]
[Site "Budapest HUN"]
[Date "2010.12.05"]
[Round "4"]
[White "Hera,I"]
[Black "Jakab,At"]
[Result "1/2-1/2"]
[WhiteElo "2586"]
[BlackElo "2413"]

1.d4 d5 2.c4 e6 3.Nf3 Nf6 4.g3 Be7 5.Bg2 O-O 6.O-O dxc4 7.Qc2 a6 8.a4 Bd7
9.Qxc4 Bc6 10.Bf4 Nbd7 11.Nc3 Bd6 12.Rfd1 Bxf4 13.gxf4 Qe7 14.a5 Nd5 15.e3 Nxc3
16.bxc3 Be4 17.Ne1 b5 18.axb6 Nxb6 19.Qc5 Qxc5 20.dxc5 Bxg2 21.Kxg2 Nd5 22.c4 Nb4
23.Ra4 a5 24.Rd7 Rfc8 25.Nf3 Nc6 26.Ne5 Nxe5 27.fxe5 Kf8 28.e4 Ke8 29.Rd3 Ra6
30.Rb3 Kd7 31.Rg3 g6 32.Rf3 Rf8 33.Rfa3 Kc6 34.Rxa5 Rxa5 35.Rxa5 Rd8 36.Kf3 Rd3+
37.Kf4 h6 38.f3 g5+ 39.Kg4 Rd2 40.Kg3 Rd4 41.Kg4 Rxc4 42.Ra8 Rxc5 43.Rf8 Rxe5
44.Rxf7 Kd6 45.Rh7 c5 46.Rxh6 c4 47.h4 gxh4 48.Rxh4 Kc5 49.Kf4 Kd4 50.Rh8 Rc5
51.Rd8+  1/2-1/2

[Event "TCh-HUN 2010-11"]
[Site "Budapest HUN"]
[Date "2010.12.05"]
[Round "4"]
[White "Seres,L"]
[Black "Kovacs,Ga2"]
[Result "1/2-1/2"]
[WhiteElo "2461"]
[BlackElo "2493"]

1.d4 d5 2.c4 e6 3.Nf3 Nf6 4.g3 Be7 5.Bg2 O-O 6.O-O dxc4 7.Qc2 a6 8.Qxc4 b5
9.Qc2 Bb7 10.Bd2 Be4 11.Qc1 Nbd7 12.Ba5 Rc8 13.Nbd2 Ba8 14.a3 Qe8 15.b4 Bd6
16.Ra2 Ne4 17.Rc2 Nb6 18.Rd1 f5 19.Bxb6 cxb6 20.Rxc8 Qxc8 21.Nxe4 Bxe4 22.Qe3 Bd5
23.Ne5 Bxg2 24.Kxg2 Qb7+ 25.d5 Rf6 26.Nf3 exd5 27.Qb3 Qc6 28.Rxd5 Qc4 29.Qd1 Bf8
30.Ne5 Qe4+ 31.Kg1 f4 32.Nd7 Re6 33.Nxf8 Kxf8 34.Rd4 Qxe2 35.Rxf4+ Kg8 36.Qd5 h6
37.h4 Kh7 38.Rf7 Qe5 39.Qd7 Rg6 40.Qd3 Qd6 41.Qf3 Qe5 42.Qd3 Qd6 43.Qxd6 Rxd6
44.Ra7 a5 45.bxa5 bxa5 46.Rxa5 Rd3 47.h5 Rb3 48.Ra8 b4 49.axb4 Rxb4 50.Kg2 Rc4
51.Rf8 Ra4 52.f3 Rb4 53.g4 Ra4 54.Kg3 Rb4 55.f4 Rb3+ 56.Kh4 Rb4 57.Kg3 Rb3+
58.Kg2 Rb2+ 59.Kf3 Rb3+ 60.Ke4 Rb4+ 61.Kd5 Ra4 62.Ke5 Ra5+ 63.Ke4 Ra4+ 64.Ke5 Ra5+
65.Ke4 Ra4+ 66.Ke5  1/2-1/2

[Event "TCh-CZE 2010-11"]
[Site "Czech Rep CZE"]
[Date "2010.12.05"]
[Round "4.3"]
[White "Michalik,P"]
[Black "Jirovsky,M"]
[Result "1-0"]
[WhiteElo "2471"]
[BlackElo "2475"]

1.d4 d5 2.c4 e6 3.Nf3 Nf6 4.g3 Be7 5.Bg2 O-O 6.O-O Nbd7 7.Qc2 c6 8.Rd1 b6
9.Nc3 Ba6 10.Ne5 Bb7 11.Bf4 Nh5 12.Bc1 f5 13.cxd5 cxd5 14.Nb5 a6 15.Qc7 axb5
16.Qxb7 Nxe5 17.dxe5 Bc5 18.Qc6 Qe8 19.Qxe8 Rfxe8 20.a3 g6 21.e3 b4 22.a4 Rec8
23.b3 Kf8 24.Bd2 Rc7 25.Ra2 Be7 26.Bf1 Ng7 27.Bd3 g5 28.Rda1 g4 29.a5 bxa5
30.Rxa5 Rxa5 31.Rxa5 Rb7 32.Bc1 h5 33.Bb2 h4 34.Kf1 hxg3 35.hxg3 Ne8 36.Ke2 Nc7
37.Bd4 Ke8 38.f3 gxf3+ 39.Kxf3 Kd7 40.g4 fxg4+ 41.Kxg4 Rb8 42.Ra7 Rg8+ 43.Kh5 Kc6
44.Bb5+ Kxb5 45.Rxc7 Bg5 46.Rc5+ Ka6 47.Rc6+ Kb7 48.Rxe6 Kc7 49.Rg6  1-0

[Event "TCh-CZE 2010-11"]
[Site "Czech Rep CZE"]
[Date "2010.12.05"]
[Round "4.1"]
[White "Ftacnik,L"]
[Black "Azarov,S"]
[Result "1/2-1/2"]
[WhiteElo "2578"]
[BlackElo "2601"]

1.d4 Nf6 2.c4 e6 3.g3 d5 4.Nf3 Be7 5.Bg2 O-O 6.O-O dxc4 7.Qc2 a6 8.a4 Bd7
9.Qxc4 Bc6 10.Bg5 h6 11.Bxf6 Bxf6 12.Nc3 Bxf3 13.Bxf3 c6 14.Qb3 Qc7 15.Rfd1 a5
16.Rac1 Bg5 17.e3 Qe7 18.Ne4 Na6 19.Nc5  1/2-1/2

[Event "ch-RSSU"]
[Site "Moscow RUS"]
[Date "2010.12.05"]
[Round "5"]
[White "Ponkratov,P"]
[Black "Shukh,N"]
[Result "1/2-1/2"]
[WhiteElo "2585"]
[BlackElo "2433"]

1.Nf3 Nf6 2.c4 e6 3.g3 d5 4.d4 Be7 5.Bg2 O-O 6.O-O dxc4 7.Qc2 a6 8.a4 Bd7
9.Qxc4 Bc6 10.Bf4 a5 11.Nc3 Na6 12.Rfe1 Bxf3 13.Bxf3 c6 14.Qb3 Nb4 15.Rad1 Bd6
16.Bg5 h6 17.Bc1 Qe7 18.Bg2 Rad8 19.e4 e5 20.Ne2 Qc7 21.h3 Rfe8 22.dxe5 Bxe5
23.Kh2 Bd6 24.Qc4 b5 25.axb5 cxb5 26.Qxc7 Bxc7 27.Nc3 Nd3 28.Re2 b4 29.Na4 Nh5
30.Be3 Nf6 31.Rc2 Re7 32.Rxc7 Rxc7 33.Bb6 Rc2 34.Bxd8 Nxf2 35.Re1 N6xe4 36.Bxa5 Ng5
37.Re8+ Kh7 38.g4 Nfe4 39.Kg1 Rc1+ 40.Kh2 Rc2 41.Rxe4 Nxe4 42.b3 Nc3 43.Nb6 Rb2
44.Bxb4 Rxb3 45.Bc5 Rb5 46.Be3 Nd1 47.Bg1 Rb2 48.Nd5 Rd2 49.Kg3 Nc3 50.Nxc3  1/2-1/2

[Event "2nd Pilsen Open"]
[Site "Plzen CZE"]
[Date "2010.12.05"]
[Round "2"]
[White "Bartos,J"]
[Black "Edwards,R"]
[Result "1/2-1/2"]
[WhiteElo "2194"]
[BlackElo "2018"]

1.d4 d5 2.c4 e6 3.Nf3 Nf6 4.g3 Be7 5.Bg2 O-O 6.O-O dxc4 7.Qc2 a6 8.Qxc4 b5
9.Qc2 Bb7 10.Bd2 Be4 11.Qc1 Bd6 12.Rd1 Qe7 13.Bf4 Nbd7 14.Nbd2 Bb7 15.Nb3 Bxf4
16.gxf4 Rac8 17.Nc5 Nxc5 18.Qxc5 Qxc5 19.dxc5 Rcd8 20.Ne5 Bxg2 21.Kxg2 Rd5
22.Rxd5 Nxd5 23.Kf3 Ne7 24.Rd1 f6 25.Ng4 Kf7 26.Ne3 Rc8 27.Nc2 Ke8 28.b4  1/2-1/2

[Event "ch-RSSU"]
[Site "Moscow RUS"]
[Date "2010.12.07"]
[Round "7"]
[White "Papin,V"]
[Black "Nakhapetiane,P"]
[Result "1/2-1/2"]
[WhiteElo "2541"]
[BlackElo "2467"]

1.d4 Nf6 2.c4 e6 3.Nf3 d5 4.g3 Be7 5.Bg2 O-O 6.Qc2 dxc4 7.Qxc4 a6 8.Qc2 b5
9.Ne5 Ra7 10.O-O Bb7 11.Rd1 Bxg2 12.Kxg2 Qc8 13.a4 c5 14.dxc5 Bxc5 15.Nd3 Rc7
16.Qb3 Nc6 17.Nxc5 Na5 18.Qb4 Rxc5 19.Be3 Rd5 20.Rxd5 Nc6 21.Rc5 Nxb4 22.Rxc8 Rxc8
23.axb5 axb5 24.Na3 Nbd5 25.Nxb5 Nxe3+ 26.fxe3 h5 27.Nc3 Rb8 28.Rb1 Rb3 29.h3 Nd7
30.Nd1 Nb6 31.Rc1 Nd5 32.Kf2 f5 33.Rc2 Kf7 34.Nc3 Nb6 35.e4 Nc4 36.exf5 exf5
37.Ne4 Nxb2 38.Rc7+ Kg6 39.Rc6+ Kf7 40.Ng5+ Ke7 41.Nf3 Nd1+ 42.Ke1 Nc3 43.Nd4 Rb1+
44.Kf2 Ne4+ 45.Kg2 Nd6 46.Rc7+ Kf6 47.Rc6 Ke7 48.Rc7+ Kf6 49.Rc6  1/2-1/2

[Event "London Chess Classic FIDE Open"]
[Site "London ENG"]
[Date "2010.12.08"]
[Round "1"]
[White "Slavin,A"]
[Black "Owen,D"]
[Result "1-0"]
[WhiteElo "2425"]
[BlackElo "2045"]

1.d4 d5 2.Nf3 Nf6 3.c4 e6 4.g3 Be7 5.Bg2 c6 6.O-O O-O 7.Qc2 Nbd7 8.Rd1 dxc4
9.Qxc4 Re8 10.Nc3 Nb6 11.Qb3 Nbd5 12.a3 Qb6 13.Qc2 Nxc3 14.bxc3 Qc7 15.e4 b6
16.Bf4 Qd8 17.c4 Bb7 18.e5 Nh5 19.Be3 g6 20.g4 Ng7 21.Nd2 f5 22.exf6 Bxf6
23.Ne4 Be7 24.Bf4 Qd7 25.Bd6 Kh8 26.Be5 Rf8 27.f4 Kg8 28.Ng5 Bf6 29.Ne4 Bxe5
30.fxe5 Ne8 31.g5 Qc7 32.c5 b5 33.Rf1 Ng7 34.Nf6+ Kh8 35.Be4 Nf5 36.Bxf5 exf5
37.e6 Qe7 38.Rae1 Rac8 39.Qc3 Rxf6 40.d5 cxd5 41.gxf6  1-0

[Event "London Chess Classic FIDE Open"]
[Site "London ENG"]
[Date "2010.12.09"]
[Round "2"]
[White "Segura del Frago,I"]
[Black "Kumar,Shankar"]
[Result "1-0"]
[WhiteElo "2042"]
[BlackElo "1795"]

1.d4 Nf6 2.c4 e6 3.Nf3 d5 4.g3 Be7 5.Bg2 O-O 6.O-O dxc4 7.Ne5 c5 8.e3 Qc7
9.Qa4 a6 10.Na3 Nbd7 11.Naxc4 Rb8 12.Bd2 b5 13.Qa5 Bd8 14.Qxc7 Bxc7 15.Nxd7 Nxd7
16.Na5 Bxa5 17.Bxa5 Bb7 18.Bc7 Bxg2 19.Kxg2 Rbc8 20.Bd6 Rfd8 21.dxc5 Nxc5
22.Rfd1 Ne4 23.Be7 Re8 24.Rd7 Rc2 25.Rad1 h6 26.Kf3 Nf6 27.Bxf6 gxf6 28.Ra7 Rxb2
29.Rdd7 Rxa2 30.Rxf7 Rb8 31.Kg4 b4 32.Kh5 b3 33.Kg6 b2 34.Rg7+ Kh8 35.Rh7+ Kg8
36.Rag7+ Kf8  1-0

[Event "2nd Pilsen Open"]
[Site "Plzen CZE"]
[Date "2010.12.10"]
[Round "8"]
[White "Bartos,J"]
[Black "Blecha,Mir"]
[Result "1/2-1/2"]
[WhiteElo "2194"]
[BlackElo "2194"]

1.d4 Nf6 2.c4 e6 3.g3 d5 4.Bg2 Be7 5.Nf3 O-O 6.O-O dxc4 7.Qc2 a6 8.Qxc4 b5
9.Qc2 Bb7 10.Bd2 Be4 11.Qc1 Nc6 12.Be3 Nb4 13.Nc3 Bb7 14.a3 Nbd5 15.Nxd5 Nxd5
16.Ne5 Nxe3 17.Bxb7 Nxf1 18.Nc6 Nxg3 19.hxg3 Qd6 20.Nxe7+ Qxe7 21.Bxa8 Rxa8
22.Qc6 Qd8 23.a4 bxa4 24.Rxa4  1/2-1/2

[Event "2nd Pilsen Open"]
[Site "Plzen CZE"]
[Date "2010.12.11"]
[Round "9"]
[White "Plischki,S"]
[Black "Blecha,Mir"]
[Result "0-1"]
[WhiteElo "2360"]
[BlackElo "2194"]

1.Nf3 Nf6 2.c4 e6 3.g3 d5 4.d4 Be7 5.Bg2 O-O 6.O-O dxc4 7.Qc2 a6 8.a4 Bd7
9.Rd1 Bc6 10.Nc3 Nd5 11.e4 Nxc3 12.bxc3 b5 13.Ne5 Bb7 14.Qb1 Nd7 15.Nxc4 Rb8
16.axb5 axb5 17.Ne3 Nf6 18.Ra7 c6 19.e5 Nd5 20.Nxd5 exd5 21.Ba3 Bxa3 22.Rxa3 Qg5
23.Ra7 Bc8 24.Qc1 Qh5 25.Re1 Bg4 26.h4 h6 27.Qd2 Rbe8 28.Bf1 g5 29.hxg5 hxg5
30.Be2 Re6 31.Bxg4 Qxg4 32.Qe2 Qh3 33.Qf1 Qh5 34.f3 Kg7 35.Ra2 Rh8 36.Rg2 Reh6
37.Qd3 Ra8 38.Qe2 Ra3 39.Qd2 b4 40.Rc1 b3 41.Rh2 Qxf3  0-1

[Event "17th Open A"]
[Site "Zadar CRO"]
[Date "2010.12.16"]
[Round "7.9"]
[White "Kovacevic,Bl"]
[Black "Papp,Ga"]
[Result "0-1"]
[WhiteElo "2447"]
[BlackElo "2526"]

1.d4 Nf6 2.Nf3 e6 3.g3 d5 4.Bg2 Be7 5.c4 O-O 6.O-O dxc4 7.Qc2 a6 8.a4 Bd7
9.Qxc4 Bc6 10.Bf4 a5 11.Nc3 Na6 12.Ne5 Bxg2 13.Kxg2 Nb4 14.e4 c6 15.Rad1 Nd7
16.Nf3 Rc8 17.h4 h6 18.Qe2 Re8 19.Rh1 Bf8 20.g4 Qb6 21.h5 Qa6 22.Qxa6 Nxa6
23.Nd2 Nb6 24.Be3 c5 25.Nb3 Nc4 26.Bc1 cxd4 27.Rxd4 Red8 28.Rhd1 Rxd4 29.Rxd4 Nb4
30.Nb5 Ne5 31.Kg3 b6 32.Bf4 Ned3 33.Bc7 Nxb2 34.Bxb6 Nxa4 35.Bxa5 Nc3 36.Bxb4 Ne2+
37.Kg2 Nxd4 38.Bxf8 Nxb3 39.Bd6 Rc2 40.Bg3 Nd2 41.Nd6 Kf8 42.e5 Ke7 43.Bf4 Nb3
44.Bg3 Nc5 45.Nc8+ Kf8 46.Nd6 Nd3 47.Kf3 Rc5 48.Ke4 Rd5 49.Nc4 Ke7 50.Bh4+ f6
51.exf6+ gxf6 52.Ne3 Nc5+ 53.Kf3 Rd3 54.Bg3 Kf7 55.Bf4 Kg7 56.Kg2 Rb3 57.Nf1 Nd3
58.Be3 Ne1+ 59.Kh2 Nc2 60.Bf4 Rb4 61.Kg3 Nd4 62.Be3 Rb3 63.Kg2 Nc2 64.Bd2 Rd3
65.Bf4 Ne1+ 66.Kh2 Ra3 67.Be3 Nf3+ 68.Kg2 Ne5 69.Nh2 Nc4 70.Bf4 e5 71.Bg3 Nd2
72.Bh4 Kf7 73.Bg3 Ke6 74.f3 Ra2 75.Kh3 Kd5 76.Bh4 Ra6 77.Be1 Nc4 78.Bb4 Ra8
79.Nf1 Rb8 80.Be7 Ke6 81.Bc5 Rb3 82.Kg2 Rb2+ 83.Kg3 Rb3 84.Kg2 Kf7 85.Kf2 e4
86.fxe4 Ne5 87.Be3 Nxg4+ 88.Kf3 Nxe3 89.Nxe3 Ke6 90.Kf4 Rb5 91.Nd5 Rc5 92.Kg4 Ke5
93.Ne7 Kxe4 94.Ng8 Rg5+  0-1

[Event "European Rapid Championship"]
[Site "Warsaw POL"]
[Date "2010.12.18"]
[Round "2"]
[White "Tkachiev,V"]
[Black "Aliferenko,A"]
[Result "1-0"]
[WhiteElo "2636"]
[BlackElo "2188"]

1.d4 Nf6 2.c4 e6 3.g3 d5 4.Bg2 Be7 5.Nf3 O-O 6.Bf4 dxc4 7.Qc2 Nd5 8.Qxc4 Nxf4
9.gxf4 c5 10.dxc5 Nc6 11.O-O Qd5 12.Rc1 Rd8 13.Nbd2 Rb8 14.b4 Qxc4 15.Rxc4 b6
16.cxb6 Rxb6 17.Rac1 Bb7 18.a3 a5 19.bxa5 Nxa5 20.Ra4 Nb3 21.Rb1 Bxf3 22.Nxf3 h6
23.Ne5 Bf6 24.Nc6 Rd2 25.Bf3 g5 26.fxg5 hxg5 27.h3 Kg7 28.Ra7 Bb2 29.Nd8 Rxd8
30.Rxb2 Rd2 31.Rxd2 Nxd2 32.Bh5 Nc4 33.Rxf7+ Kh6 34.Bg4 Nxa3 35.Rf6+ Kg7
36.Rxe6 Rxe6 37.Bxe6 Nb5 38.e3 Kf6 39.Bc4 Nd6 40.Bd3 Nf7 41.Kg2 Ne5 42.Be4 Nc4
43.Kg3 Ne5 44.h4 gxh4+ 45.Kxh4 Nc4 46.Kg3 Ne5 47.Bc2 Nc4 48.Bd3 Ne5 49.Be2 Kf5
50.f4 Nf7 51.Bd3+ Kf6 52.e4 Ke6 53.Bc4+  1-0

[Event "European Rapid Championship"]
[Site "Warsaw POL"]
[Date "2010.12.18"]
[Round "4"]
[White "Grabarczyk,M"]
[Black "Wandzik,W"]
[Result "0-1"]
[WhiteElo "2438"]
[BlackElo "2241"]

1.d4 Nf6 2.c4 e6 3.g3 d5 4.Nf3 Be7 5.Bg2 O-O 6.O-O dxc4 7.Qc2 a6 8.a4 c5
9.dxc5 Qc7 10.Qxc4 Qxc5 11.Na3 Nc6 12.Be3 Qxc4 13.Nxc4 Nd5 14.Bd2 Bd7 15.e4 Ndb4
16.Nb6 Rad8 17.Rad1 Be8 18.Bg5 f6 19.Be3 Bg6 20.e5 fxe5 21.Nd7 Bd3 22.Rxd3 Nxd3
23.Nxf8 Kxf8 24.Ng5 Bxg5 25.Bxg5 Rd4 26.b3 Ndb4 27.Be3 Rd7 28.Be4 h6 29.Rc1 Nd5
30.Bc5+ Kf7 31.h4 Nd4 32.Rb1 Nc3 33.Re1 Nde2+ 34.Rxe2 Nxe2+ 35.Kg2 Nc3 36.Bf3 Nd5
37.a5 Ne7 38.h5 Nc6 39.b4 Rd2 40.Be4 Rb2 41.Bd6 Kf6 42.Kf3 Kf7 43.Kg2 Rb3
44.Kh3 Rc3 45.f3 Rb3 46.Kg4 Rb2 47.Kh3 Kf6 48.Kg4 Rb3 49.Kh4 Rb2 50.Kg4 Nxb4
51.Bxb7 Nd5 52.Bxa6 Ra2 53.Bd3 Ne3+ 54.Kh3 Rd2 55.a6 Rxd3 56.a7 Rd1  0-1

[Event "European Rapid Championship"]
[Site "Warsaw POL"]
[Date "2010.12.18"]
[Round "6"]
[White "Tkachiev,V"]
[Black "Strzemiecki,Z"]
[Result "1/2-1/2"]
[WhiteElo "2636"]
[BlackElo "2367"]

1.d4 Nf6 2.c4 e6 3.g3 d5 4.Bg2 Be7 5.Nf3 O-O 6.Bf4 dxc4 7.Qc2 c5 8.dxc5 Qa5+
9.Nfd2 Nd5 10.Qxc4 Qxc5 11.Qxc5 Bxc5 12.Nb3 Nxf4 13.gxf4 Bb4+ 14.N1d2 Nd7
15.a3 Be7 16.Nc4 Rb8 17.O-O-O b6 18.Kb1 Nc5 19.Nd4 Bb7 20.Bxb7 Rxb7 21.Ne5 Bf6
22.f3 Rc8 23.Rc1 Rd8 24.Ndc6 Rd2 25.Rhe1 g6 26.b4 Na4 27.Rc2 Rxc2 28.Kxc2 Rc7
29.Kd3 Bxe5 30.Nxe5 f6 31.Ng4 Kf7 32.Ne3 Rc3+ 33.Kd4 Rxa3 34.Rc1 Rb3 35.Rc7+ Kf8
36.Nc2 a5 37.bxa5 bxa5 38.Rxh7 Nb6 39.Ra7 a4 40.e3 Rb2 41.Kc3 Rb3+ 42.Kd4 Rb2
43.Rc7 Nd5 44.Rc4 Ke7 45.h4 Ra2 46.Kd3 Rb2 47.Rxa4 Rb3+ 48.Kd2 Rb7 49.Rc4 Kf7
50.Nd4 Rb2+ 51.Rc2 Rb7 52.Ke2 e5 53.fxe5 fxe5 54.Nc6 Kf6 55.Rd2 Rb5 56.Rc2 Rb3
57.Rd2 Rxe3+ 58.Kf2 Rc3 59.Rxd5 Rxc6 60.Kg3 Ra6 61.Rd8 Ra3 62.Re8 Ra4  1/2-1/2

[Event "Azerbaijanian Solidarity Day"]
[Site "Baku AZE"]
[Date "2010.12.24"]
[Round "4.3"]
[White "Gasanov,E"]
[Black "Abasov,N"]
[Result "0-1"]
[WhiteElo "2488"]
[BlackElo "2505"]

1.d4 Nf6 2.c4 e6 3.g3 d5 4.Bg2 Be7 5.Nf3 O-O 6.O-O dxc4 7.Qc2 a6 8.a4 c5
9.dxc5 Nc6 10.Na3 Bxc5 11.Nxc4 Qe7 12.Nfe5 Nxe5 13.Nxe5 Nd5 14.Bd2 Qc7 15.Rac1 Qxe5
16.Qxc5 Qxb2 17.Rc2 Qb3 18.e4 Nf6 19.Bg5 Bd7 20.Bxf6 gxf6 21.Rc3 Qxa4 22.Rf3 Rac8
23.Qe7 Qd4 24.e5 Bc6 25.Qxf6 Qd8 26.Qh6 Bxf3 27.Bxf3 Rc7 28.Rd1 Qe7 29.Rd6 a5
30.Be4 f6 31.f4 a4 32.Kg2 a3 33.f5 a2 34.Rxe6 Qg7  0-1

[Event "34th Christmas Master Open"]
[Site "Zuerich SUI"]
[Date "2010.12.27"]
[Round "3"]
[White "Wagner,De"]
[Black "Zude,A"]
[Result "1/2-1/2"]
[WhiteElo "2178"]
[BlackElo "2470"]

1.d4 Nf6 2.c4 e6 3.g3 d5 4.Bg2 Be7 5.Nf3 O-O 6.O-O dxc4 7.Qc2 a6 8.Qxc4 b5
9.Qc2 Bb7 10.Bd2 Nbd7 11.Ba5 Bd6 12.Nbd2 Rc8 13.e4 e5 14.dxe5 Nxe5 15.Nxe5 Bxe5
16.Nb3 Bd6 17.Rfe1 Nd7 18.e5 Bxg2 19.exd6 Ba8 20.dxc7 Qf6 21.Qc3 Qxc3 22.bxc3 Nf6
23.Nc5 Nd5 24.Nd7 Nxc7 25.Nxf8 Kxf8 26.Bxc7 Rxc7 27.Rad1 Rc8 28.Rd7 Bc6 29.Rd4 g6
30.Re3 Rc7 31.Kf1 Bd7 32.a3 Be6 33.g4 Kg7 34.Ke2 Rc5 35.Kf3 h5 36.h3 hxg4+
37.hxg4 a5 38.Kg3 g5 39.f3 a4 40.Kf2 Kf6 41.Ke1 Rc6 42.Kd2 Rc5 43.Re1 Bc4
44.Rd6+ Kg7 45.Re7 Kf8 46.Re3 Kg7 47.Ke1 Bb3 48.Kf2 Ba2 49.Kg3 Bb3 50.f4 gxf4+
51.Kxf4 Be6 52.Rd4 Kf6 53.Rde4 Bc4 54.Re5 Rc6 55.Rh3 Be6 56.Re4 Rc5 57.Rhe3 Rc6
58.Kg3 Rc5 59.Kh4 Bc4 60.Rf4+ Kg6 61.Rd4 Be6 62.Rd8 Rc4 63.Rd4 Rc5 64.Rf4 Rc8
65.Kg3 Rc5 66.Rd4 Kf6 67.Kf4 Rg5 68.Rg3 Rc5 69.Rh3 Kg6 70.Re3 Kf6 71.Rde4 Rc6
72.Rd4 Rc5 73.Rde4  1/2-1/2

[Event "North American Open"]
[Site "Las Vegas USA"]
[Date "2010.12.28"]
[Round "5"]
[White "Yanayt,E"]
[Black "Kelley,D"]
[Result "1-0"]
[WhiteElo "2212"]
[BlackElo "2167"]

1.d4 d5 2.c4 e6 3.Nf3 Nf6 4.g3 Be7 5.Bg2 O-O 6.O-O dxc4 7.Qc2 a6 8.Qxc4 b5
9.Qc2 Bb7 10.Bd2 Be4 11.Qc1 Bb7 12.Qc2 Be4 13.Qc1 Bb7 14.Rd1 Qc8 15.b4 Nc6
16.Qb2 a5 17.bxa5 Nxa5 18.Rc1 Bd5 19.Nc3 c6 20.Nxd5 exd5 21.Bxa5 Rxa5 22.Qc3 b4
23.Qb2 Qa6 24.Ne5 Rc8 25.Rc2 c5 26.dxc5 Raxc5 27.Rxc5 Bxc5 28.Nd3 Bf8 29.Nf4 Qc4
30.Bf3 d4 31.Nd3 Qc3 32.Rb1 Rb8 33.Ne5 Rc8 34.Kg2 Bd6 35.Nd3 Rb8 36.Qb3 Qxb3
37.axb3 Nd7 38.Rc1 Ne5 39.Nb2 Kf8 40.Be4 Ke7 41.h3 Nd7 42.Nd3 Ne5 43.Nf4 Nd7
44.Nd5+ Ke6 45.Nf4+ Ke7 46.Rc4 Nc5 47.Bc2 Ne6 48.Nd5+ Kd7 49.Bf5 Ke8 50.f4 Rb5
51.Bxe6 fxe6 52.Nc7+ Bxc7 53.Rxc7 Kf8 54.Kf3 e5 55.Rc4 exf4 56.Kxf4 Rd5 57.Ke4 Rh5
58.h4 g5 59.Rc5 Rh6 60.Rxg5 Re6+ 61.Re5 Rg6 62.Rf5+ Ke7 63.Rg5 Rd6 64.Kd3 Re6
65.Kxd4  1-0

[Event "19th Donau Open"]
[Site "Aschach AUT"]
[Date "2010.12.31"]
[Round "7"]
[White "Menezes,Chr"]
[Black "Horvath,Jo1"]
[Result "1-0"]
[WhiteElo "2012"]
[BlackElo "2560"]

1.d4 Nf6 2.c4 e6 3.Nf3 d5 4.g3 Be7 5.Bg2 O-O 6.O-O c6 7.Qc2 b6 8.b3 Nbd7
9.Rd1 Ba6 10.Nbd2 c5 11.e4 dxc4 12.Nxc4 cxd4 13.e5 Nd5 14.Nxd4 Rc8 15.Qb2 Bxc4
16.bxc4 Rxc4 17.Bxd5 exd5 18.Nf5 Re4 19.Rxd5 Re1+ 20.Kg2 Rxe5 21.Qxe5 Nxe5
22.Rxd8 Bxd8 23.Ba3 Nd7 24.Bxf8 Nxf8 25.Rd1 Bf6 26.Nd6 a6 27.Nc8 b5 28.Rd6 a5
29.Rd5 b4 30.Rxa5 g6 31.Rb5 Bc3 32.Ne7+ Kg7 33.Nd5  1-0

[Event "Hastings Masters 2010-11"]
[Site "Hastings ENG"]
[Date "2010.12.31"]
[Round "4.49"]
[White "Armstrong,M"]
[Black "Torgersen,Markus "]
[Result "1-0"]
[WhiteElo "1957"]
[BlackElo "1741"]

1.d4 d5 2.Nf3 Nf6 3.c4 e6 4.g3 Be7 5.Bg2 Nbd7 6.Nbd2 c6 7.O-O O-O 8.Qc2 dxc4
9.Nxc4 Re8 10.Rd1 Nf8 11.e4 Ng6 12.Nfe5 Nd7 13.Nxg6 hxg6 14.Be3 b5 15.Nd2 Bb7
16.Nb3 Qc7 17.d5 Ne5 18.dxe6 fxe6 19.Nc5 Bc8 20.Bf4 g5 21.Bxe5 Qxe5 22.Nd3 Qc7
23.Rac1 Bb7 24.Nc5 Bc8 25.e5 Bxc5 26.Qxc5 Bb7 27.Rd6 Rad8 28.Rcd1 Ba8 29.Be4 a6
30.Qe3 Qe7 31.Qf3 c5 32.Rxd8 Rxd8 33.Rxd8+ Qxd8 34.Bxa8 Qd2 35.Qc3 Qd8 36.Be4 Qb6
37.b3 b4 38.Qc4 Kf7 39.Bd3 Qb5 40.Qxb5  1-0

[Event "Hastings Masters 2010-11"]
[Site "Hastings ENG"]
[Date "2010.12.31"]
[Round "4.34"]
[White "Simon,Th"]
[Black "Spence,D"]
[Result "0-1"]
[WhiteElo "1971"]
[BlackElo "2237"]

1.Nf3 Nf6 2.g3 d5 3.c4 e6 4.d4 Be7 5.Bg2 O-O 6.O-O dxc4 7.Qa4 a6 8.Qxc4 b5
9.Qc2 Bb7 10.Bg5 Nbd7 11.Nbd2 Qc8 12.Bxf6 Nxf6 13.Rac1 Bd8 14.Nb3 Be4 15.Qd2 Bd5
16.Ne5 Bxg2 17.Kxg2 Nd7 18.Nxd7 Qxd7 19.Nc5 Qd6 20.Rfd1 Ra7 21.b4 Be7 22.a3 Rd8
23.Qc2 a5 24.bxa5 Qc6+ 25.e4 Rxa5 26.Qd3 Qa8 27.d5 c6 28.Nb3 Ra6 29.Qe3 cxd5
30.exd5 Bxa3 31.Rc7 Rxd5 32.Rxd5 Qxd5+ 33.Kg1 Bf8 34.Rc8 Ra8 35.Rxa8 Qxa8
36.Qd3 Qd5 37.Qc3 b4 38.Qe3 Qc4 39.Qf3 g6 40.h4 h5 41.Kh2 Bd6 42.Qa8+ Kh7
43.Qf3 Qxh4+ 44.Kg1 Qe7 45.Qe4 Qf6 46.Nd4 Bc5 47.Nf3 b3 48.Kg2 b2 49.Qb7 Kg7
50.Qb3 g5 51.Nd2 Qxf2+  0-1

[Event "23rd Staufer-Open"]
[Site "Leinzell GER"]
[Date "2011.01.02"]
[Round "2"]
[White "Hahn,F"]
[Black "Namyslo,H"]
[Result "1/2-1/2"]
[WhiteElo "2037"]
[BlackElo "2240"]

1.c4 e6 2.g3 d5 3.d4 Nf6 4.Nf3 Be7 5.Bg2 O-O 6.Qc2 dxc4 7.Qxc4 c6 8.O-O b5
9.Qc2 Bb7 10.Nbd2 Nbd7 11.Nb3 Qb6 12.Be3 Nd5 13.Bg5 f6 14.Bd2 Nb4 15.Qd1 a5
16.a3 Nd5 17.e4 Nc7 18.Be3 Rfd8 19.Qc2 Na6 20.Rac1 Qc7 21.Nc5  1/2-1/2

[Event "23rd Staufer-Open"]
[Site "Leinzell GER"]
[Date "2011.01.02"]
[Round "2"]
[White "Burmakin,V"]
[Black "Aslan,B"]
[Result "1-0"]
[WhiteElo "2603"]
[BlackElo "2099"]

1.d4 Nf6 2.g3 d5 3.Nf3 e6 4.c4 Be7 5.Bg2 O-O 6.b3 dxc4 7.bxc4 c5 8.O-O cxd4
9.Nxd4 a6 10.Nc3 Qc7 11.Qb3 Nbd7 12.Rb1 Nc5 13.Qc2 Rd8 14.Rd1 Bd7 15.Be3 Ng4
16.Bf4 Qc8 17.h3 Nf6 18.g4 h6 19.e3 Be8 20.Be5 Nfd7 21.Bg3 f6 22.Nxe6 Nxe6
23.Bxb7 Qc5 24.Bxa8 Rxa8 25.Qe4  1-0

[Event "Rilton Cup 2010-11"]
[Site "Stockholm SWE"]
[Date "2011.01.02"]
[Round "6"]
[White "Jansson,A"]
[Black "Hedstrom Johan"]
[Result "1-0"]
[WhiteElo "2171"]
[BlackElo "2043"]

1.c4 e6 2.g3 Nf6 3.Bg2 d5 4.Nf3 Be7 5.d4 O-O 6.O-O b6 7.cxd5 exd5 8.Nc3 Bb7
9.Bf4 a6 10.Rc1 c6 11.Qb3 Nbd7 12.Ne5 Rc8 13.Rfd1 Re8 14.e4 dxe4 15.Nxf7 Nd5
16.Nxd8 Rcxd8 17.Bxe4 Kh8 18.Nxd5  1-0

[Event "Hastings Masters 2010-11"]
[Site "Hastings ENG"]
[Date "2011.01.04"]
[Round "8.32"]
[White "Simon,Th"]
[Black "Almond,R"]
[Result "1/2-1/2"]
[WhiteElo "1971"]
[BlackElo "2145"]

1.Nf3 d5 2.c4 e6 3.g3 Nf6 4.Bg2 Be7 5.d4 O-O 6.O-O dxc4 7.a4 c5 8.dxc5 Nc6
9.Nbd2 c3 10.bxc3 Bxc5 11.Rb1 Qc7 12.Qc2 Bd7 13.Ne4 Be7 14.Nxf6+ Bxf6 15.Ng5 g6
16.Ne4 Be7 17.Bh6 Rfd8 18.Rfd1 b6 19.Bg5 Bxg5 20.Nxg5 Be8 21.h4 Rac8 22.Bh3 Qe5
23.Rb5 Qf6 24.Ne4 Qe7 25.Rbb1 Na5 26.Rxd8 Rxd8 27.Rd1 Bc6 28.Bg2 Kg7 29.Rd4 e5
30.Rxd8 Qxd8 31.Ng5 Qd7 32.Bxc6 Qxc6 33.Nf3 Qd5 34.h5 Nc6 35.Qc1 h6 36.hxg6 fxg6
37.Qa3 Kf7 38.Qc1 g5 39.Qc2 Kg7 40.Qf5 Qd6 41.Qe4 Kf8 42.Kg2 Ke7 43.Ne1 Nd8
44.Nf3 Nf7 45.Nd4 Kd7 46.Qb7+ Qc7 47.Qd5+ Kc8 48.Qa8+ Qb8 49.Qc6+ Qc7 50.Qa8+ Qb8
51.Qc6+ Qc7 52.Qe6+ Qd7 53.Qc4+ Qc7 54.Qe6+ Qd7 55.Qc4+ Qc7 56.Qe6+  1/2-1/2

[Event "1st HDBank Cup"]
[Site "Ho Chi Minh City VIE"]
[Date "2011.01.04"]
[Round "2.29"]
[White "Pitirotjirathon,J"]
[Black "Le Thanh Tai"]
[Result "1-0"]
[WhiteElo "2310"]
[BlackElo "1825"]

1.d4 d5 2.c4 e6 3.Nf3 Nf6 4.g3 Be7 5.Bg2 O-O 6.O-O dxc4 7.Qc2 a6 8.Qxc4 b5
9.Qc2 Bb7 10.Bd2 Be4 11.Qb3 Nc6 12.e3 Bd5 13.Qd1 Rc8 14.Nc3 Bd6 15.Nxd5 exd5
16.Qc2 Ne7 17.Bh3 Nd7 18.Rfc1 f5 19.a3 Qe8 20.Bg2 Qg6 21.Bb4 Qf6 22.Bxd6 Qxd6
23.Ne1 c5 24.dxc5 Nxc5 25.Qd1 Rfd8 26.Nf3 Nc6 27.Rc2 Ne4 28.Rac1 Ne7 29.Nd4 Nf6
30.Rxc8 Nxc8 31.Nxf5 Qe5 32.Nd4 Ne7 33.Bh3 Qd6 34.Qc2 Ne8 35.Be6+ Kh8 36.Qc5 Qxc5
37.Rxc5 Rd6 38.b4 g6 39.h4 Kg7 40.g4 Kf8 41.g5 Ng7 42.Bg4 Kf7 43.Rc7 Ne8
44.Ra7 Rb6 45.h5 gxh5 46.Bxh5+ Kf8 47.f4 Nc8 48.Rxh7 Ncd6 49.Rd7 Ng7 50.Bg4 Nc4
51.Kf2 Rb8 52.Ne6+ Nxe6 53.Bxe6 Rb6 54.Bxd5 Nxa3 55.f5 Ke8 56.Ra7  1-0